000 00338nam a22001337a 4500
008 170621b xxu||||| |||| 00| 0 eng d
020 _a9781256698074
041 _aeng
080 _a328
100 _a20
101 _aSHP
245 _aAMERICAN GOVERNMENT AND TO THE REPUBLIC FOR WHICH IT STANDS
_cROBERTS.O
942 _2udc
_cBK
999 _c18527
_d18527